[Event "IV Zagreb Open 2019"]
[Site "Zagreb"]
[Date "2019.12.07"]
[Round "1.1"]
[White "Kozul, Zdenko"]
[Black "Bender, Zdenko"]
[Result "1-0"]
[WhiteElo "2590"]
[BlackElo "2003"]
[Annotator "TA"]
[PlyCount "51"]
[EventDate "2019.12.07"]
[EventType "swiss"]
[EventCountry "CRO"]
[SourceTitle "playchess.com"]
[Source "ChessBase"]
[SourceQuality "1"]

{[%evp 9,51,0,44,37,48,44,71,82,111,88,88,93,89,95,100,91,97,83,87,89,101,98,117,101,123,122,122,127,205,200,189,193,336,322,345,342,949,943,2058,2029,2020,1910,1558,1408]} 1. d4 d5 2. c4 e6 3. Nf3 Bb4+ 4. Bd2 Be7 (4... a5 5. e3 Nf6 6. Bd3 O-O 7. O-O b6 8. a3 Be7 9. Nc3 Bb7 10. cxd5 exd5 11. b3 Nbd7 12. Bc1 Re8 13. Bb2 Ne4 14. Qc2 Bf8 15. Ne2 Bd6 {0-1 (46) Sarana,A (2587)-Romanov,E (2619) Sochi 2018}) 5. g3 Nc6 $146 ({Predecessor:} 5... Nf6 6. Bg2 O-O 7. Qc2 Nbd7 8. O-O Ne4 9. Bf4 c6 10. Nc3 g5 {½-½ (10) Lindgren,P (2362)-Haubro,M (2374) Gothenburg 2019}) 6. Bg2 {D30: Queen's Gambit Declined: Systems without Nc3} dxc4 7. Qa4 Bd7 8. Qxc4 {White is better.} b5 9. Qc1 ({Much less strong is} 9. Qxb5 Nxd4 10. Qd3 Nxf3+ 11. Bxf3 (11. Qxf3 Rb8 $11) 11... Rb8 $14) 9... Rb8 10. O-O Nf6 11. Rd1 O-O 12. Bg5 h6 13. Bxf6 Bxf6 14. Nc3 {[%cal Bb1c3,Bc3e4,Be4c5][%mdl 32]} Qe8 15. Ne4 Bd8 16. Qd2 a5 17. Rac1 Rb6 18. Nc5 Qe7 (18... Bc8 $16 19. Qe3 f6) 19. Ne5 $18 Nxe5 20. dxe5 Bc6 (20... Bc8 $142 21. Qxa5 c6) 21. Qxa5 Bxg2 22. Kxg2 f5 $2 (22... c6 23. f4 b4) 23. Nd7 {White is clearly winning.} g5 24. Nxf8 Kxf8 {[#]} 25. Qa8 $1 Ke8 26. Rc3 {Accuracy: White = 85%, Black = 26%.} 1-0

[Event "IV Zagreb Open 2019"]
[Site "Zagreb"]
[Date "2019.12.07"]
[Round "1.2"]
[White "Balen, Teo"]
[Black "Nikolov, Momchil"]
[Result "0-1"]
[WhiteElo "2002"]
[BlackElo "2533"]
[Annotator "TA"]
[PlyCount "58"]
[EventDate "2019.12.07"]
[EventType "swiss"]
[EventCountry "CRO"]
[SourceTitle "playchess.com"]
[Source "ChessBase"]
[SourceQuality "1"]

{[%evp 9,58,-26,0,-37,-31,-62,-54,-59,-52,-51,-51,-47,-39,-39,-44,-43,-33,-119,-133,-334,-243,-527,-532,-500,-300,-300,-324,-325,-320,-299,-302,-561,-543,-529,-452,-456,-431,-420,0,-341,-362,-360,-350,-337,-325,-287,-298,-748,-723,-963,-875]} 1. d4 Nf6 2. Nc3 d5 3. Bg5 c5 4. e3 Nc6 5. Qd2 (5. Bxf6 gxf6 6. Nf3 Bg4 7. h3 cxd4 8. exd4 Bxf3 9. Qxf3 Nxd4 10. Qg4 Nc6 11. O-O-O e6 12. Bc4 Qd7 13. Bxd5 exd5 14. Nxd5 Qxg4 15. Nxf6+ {½-½ (49) Nakamura,H (2779)-Bu,X (2705) Doha 2016}) 5... Bf5 6. a3 $146 {D01: Veresov Opening} ({Predecessor:} 6. Nf3 e6 7. a3 h6 8. Bh4 Be7 9. Bxf6 Bxf6 10. dxc5 O-O 11. Bd3 Bg4 12. O-O-O Qe7 {0-1 (38) Donguines,F (2435)-Barcenilla,R (2465) Cebu 1992}) 6... e6 7. O-O-O cxd4 8. exd4 {Black is slightly better.} Qa5 9. Bxf6 gxf6 10. Qe3 Rc8 {Threatens to win with ...Bxa3!} 11. Bd3 Bxd3 12. Qxd3 a6 13. Re1 (13. Nge2 $15) 13... b5 $1 $17 {[%cal Rb5b4] White must now prevent ...b4.} 14. Qf3 $2 (14. Qe3 $17 {is a better defense.}) 14... Nxd4 15. Qxf6 $2 {[#]} (15. Qd3 b4 16. Qxd4 bxc3 17. b3) 15... Rxc3 $1 $19 {[%mdl 512]} 16. Qxd4 (16. bxc3 Qxc3) 16... Rxa3 {[%cal Ra3a1]} 17. Rxe6+ fxe6 {[%cal Ra3a1]} 18. bxa3 Qe1+ ({Don't take} 18... Qxa3+ 19. Kd1 $19) 19. Kb2 Rg8 {aiming for ...Bg7!} 20. Nf3 $2 (20. Qe3 Qxe3 21. fxe3) 20... Qxh1 21. Qb6 Bg7+ 22. c3 {[#]} Bxc3+ $1 23. Kc2 (23. Kxc3 Qc1+) 23... Qxg2 $2 ({Black should play} 23... Qa1 $1 $19 24. Qxe6+ Kf8 25. Qc8+ Kf7 $1 {[%mdl 512]} 26. Qc7+ Kg6 27. Qxc3 Qxc3+ 28. Kxc3 Rc8+ 29. Kd3 Rc1) 24. Qc6+ $2 {[%mdl 8192] [#]} (24. Qxe6+ $11 {and White has nothing to worry.} Kf8 25. Qc8+ Kg7 26. Qxc3+ Kh6 27. Qd2+ {[%mdl 64] Double Attack} Kh5 28. Qxd5+ Kh6 29. Qd2+ Kh5 30. Qd5+ Kh6 31. Qd2+ Kg7 32. Qd4+ Kh6 33. Qe3+ Kg7 34. Qe5+ Kh6 35. Qf4+ Kg7 36. Qe5+ Kf7 37. Qf5+ Kg7 38. Qe5+) 24... Kf8 $1 25. Qc8+ {[#]} Kg7 $1 26. Qxc3+ Kh6 27. Qe3+ {[#]} Kh5 $1 {Strongly threatening ...Rf8.} 28. Qf4 $2 (28. Qe5+ Rg5 29. Nxg5 Qxg5 30. Qh8) 28... Qg4 29. Qc7 Qc4+ {Accuracy: White = 19%, Black = 71%.} 0-1

[Event "IV Zagreb Open 2019"]
[Site "Zagreb"]
[Date "2019.12.07"]
[Round "1.3"]
[White "Stany, G.A."]
[Black "Karlusic, Luka"]
[Result "1/2-1/2"]
[WhiteElo "2526"]
[BlackElo "2000"]
[Annotator "TA"]
[PlyCount "74"]
[EventDate "2019.12.07"]
[EventType "swiss"]
[EventCountry "CRO"]
[SourceTitle "playchess.com"]
[Source "ChessBase"]
[SourceQuality "1"]

{[%evp 15,74,45,44,39,79,0,89,73,84,69,77,67,94,74,78,80,76,74,110,82,97,64,65,54,60,62,68,70,79,89,316,41,57,50,22,-7,23,23,72,14,139,8,8,8,8,8,8,18,18,8,8,8,20,0,0,0,0,-8,-8,-8,-8]} 1. e4 e6 2. d4 d5 3. e5 c5 4. c3 Nc6 5. Nf3 Qb6 6. a3 a5 7. Bd3 Bd7 8. Bc2 Nh6 9. O-O {C02: French: Advance Variation} Be7 10. h3 (10. dxc5 $16 Bxc5 11. c4) (10. b3 cxd4 11. cxd4 Nf5 12. Bxf5 exf5 13. Nc3 Be6 14. Ne2 h6 15. h4 g6 16. g3 Qd8 {0-1 (42) Dvoirys,S (2612)-Kortschnoj,V (2579) Beersheba 2004}) 10... Rc8 (10... Nf5 $11) 11. dxc5 $146 {White is better.} ({Predecessor:} 11. b3 cxd4 12. cxd4 Nf5 13. Bb2 g6 14. Qd2 h5 15. Rd1 Rg8 16. Nc3 Qd8 17. Bxf5 gxf5 {1-0 (27) Alahakoon,T-Aman,C (1867) Ambalangoda 2011}) 11... Bxc5 12. b4 Be7 13. Re1 axb4 14. axb4 Nf5 15. Bxf5 exf5 16. Be3 Qc7 17. Qxd5 O-O 18. Bb6 {[%mdl 64] Deflection} Qxb6 19. Qxd7 g6 $1 20. Qd3 Rfd8 21. Qe2 Na7 22. Ra5 $36 {[%mdl 2048] White has strong initiative.} Bf8 $2 {[#]} (22... Kg7 $16 {might work better.}) 23. Ng5 $2 (23. Qa2 Nc6 $16) (23. e6 $1 $18) 23... Nc6 $14 24. Rb5 Qa6 $1 {next ...Na7 is good for Black.} 25. Nd2 Bh6 ({Avoid the trap} 25... Rxd2 $2 26. Qxd2 h6 27. Rd5 $18) (25... Na7 $5 26. Ra5 $8 Qxe2 27. Rxe2 Nc6 $11) 26. Ndf3 {Hoping for e6.} Re8 27. Qf1 (27. e6 $16 fxe6 28. Qd3 (28. Nxe6 Nd8 $11)) 27... Bxg5 {[#]} (27... Nxe5 $11 {keeps the balance.} 28. Rexe5 (28. Rbxe5 Qxf1+ 29. Kxf1 Rxe5 $11) 28... Rxe5 29. Rxe5 Qxf1+ 30. Kxf1 f6) 28. Nxg5 ({Only move:} 28. Ra1 $1 $16 Nxe5 29. Rxa6 Nxf3+ 30. gxf3 bxa6 31. Rc5) 28... Nxe5 {The position is equal.} 29. Rbxe5 Rxe5 30. Rxe5 {And now Qe1 would win.} Qxf1+ 31. Kxf1 $11 {[%mdl 4096] Endgame Black must now prevent Re7. KRN-KR} f6 32. Re7 fxg5 33. Rxb7 {Strongly threatening Ke2.} Rxc3 34. Ke2 g4 35. h4 f4 36. b5 Rc2+ 37. Ke1 {Threatens to win with b6.} g3 {Accuracy: White = 36%, Black = 48%.} 1/2-1/2

[Event "IV Zagreb Open 2019"]
[Site "Zagreb"]
[Date "2019.12.07"]
[Round "1.4"]
[White "Kinez, Ivo"]
[Black "Kotronias, Vasilios"]
[Result "0-1"]
[WhiteElo "1998"]
[BlackElo "2506"]
[Annotator "TA"]
[PlyCount "72"]
[EventDate "2019.12.07"]
[EventType "swiss"]
[EventCountry "CRO"]
[SourceTitle "playchess.com"]
[Source "ChessBase"]
[SourceQuality "1"]

{[%evp 19,72,6,58,29,64,0,0,0,0,-20,-12,-21,8,0,0,0,-5,-7,0,-65,-30,-55,-78,-70,-43,-117,-38,-26,-22,-61,59,61,131,-61,0,0,-7,-236,-230,-553,-564,-550,-539,-929,-917,-905,-685,-645,-638,-29988,-29989,-29989,-29990,-29992,-29993]} 1. e4 c5 2. Nf3 Nc6 3. d4 cxd4 4. Nxd4 Nf6 5. Nc3 d6 6. Bg5 e6 7. Qd2 a6 8. O-O-O Bd7 9. f4 Be7 10. Be2 Qc7 (10... h6 $11 11. Bh4 Nxd4 12. Qxd4 Bc6) 11. Kb1 {B68: Sicilian: Richter-Rauzer: 7...a6 8 0-0-0 Bd7 9 f4 Be7} (11. g4 h6 12. Bxf6 Bxf6 13. Nb3 g5 14. e5 dxe5 15. Ne4 Be7 16. fxg5 hxg5 17. Nxg5 Nb4 18. c3 Rd8 19. Rhf1 Ba4 20. Qe3 Nxa2+ 21. Kb1 Bxb3 22. Rxd8+ Qxd8 23. Nxf7 Qa5 24. c4 Qa4 25. Bd3 Nc3+ {0-1 (25) Alonso Bouza,J (2404)-Bernadskiy,V (2572) Llucmajor 2019}) 11... Rd8 12. Rhg1 $146 (12. Nb3 $14) ({Predecessor:} 12. Qe3 Nxd4 13. Rxd4 Bc6 14. Bf3 O-O 15. Rhd1 h6 16. Bh4 e5 17. R4d3 b5 18. f5 {½-½ (27) Gschnitzer,A (2209)-Shishkin,V (2452) Boeblingen 2016}) 12... h6 $11 13. Bxf6 {The position is equal.} Bxf6 14. Nb3 Bc8 15. g4 g5 16. Qe3 gxf4 17. Qxf4 Be5 18. Qe3 Ne7 19. Rg2 (19. h4 $11) 19... Ng6 (19... Bxc3 $5 20. bxc3 Ng6 $11) 20. Rf2 Bxc3 21. bxc3 e5 $1 22. g5 (22. c4 $15) 22... h5 ({Black should try} 22... hxg5 $17 {aiming for ...Nf4.} 23. Qxg5 Qe7) 23. Rf6 $15 Be6 24. Bf1 Qc8 (24... Nf4 $15) 25. Qb6 $14 O-O ({Black should play} 25... Qc6 $14 26. Qxc6+ bxc6) 26. Be2 $2 {[#]} (26. Rxd6 $16 Rxd6 27. Qxd6) 26... Qxc3 (26... Nf4 $15 27. Nd4 Bg4) 27. Bxh5 $11 Nf4 28. Rxf4 $2 (28. g6 $1 $11 Bxb3 29. axb3 Nxh5 30. gxf7+ Kg7 31. Rf5) 28... exf4 $40 {[%mdl 128] Black attacks with force.} 29. Rxd6 $2 (29. g6 {is a better chance.} Rc8 30. Nd4 fxg6 31. Nxe6 Qxc2+ 32. Ka1 Qc3+ 33. Qb2 gxh5 34. Nxf8 Kxf8 35. Rf1) 29... Rxd6 30. Qxd6 f3 31. Nd4 f2 32. Be2 Qe1+ 33. Kb2 {[#]} Qxe2 $1 {[%mdl 512]} 34. Nxe6 (34. Nxe2 f1=Q) 34... Qb5+ {Black mates.} 35. Ka3 Rc8 {[%cal Rc8c3]} 36. Qd4 fxe6 {Accuracy: White = 22%, Black = 52%.} 0-1

[Event "IV Zagreb Open 2019"]
[Site "Zagreb"]
[Date "2019.12.07"]
[Round "1.5"]
[White "Livaic, Leon"]
[Black "Cosic, Radoslav"]
[Result "1-0"]
[WhiteElo "2505"]
[BlackElo "1993"]
[Annotator "TA"]
[PlyCount "105"]
[EventDate "2019.12.07"]
[EventType "swiss"]
[EventCountry "CRO"]
[SourceTitle "playchess.com"]
[Source "ChessBase"]
[SourceQuality "1"]

{[%evp 9,105,72,71,52,89,40,62,43,45,36,60,61,77,41,85,75,69,61,76,72,173,168,231,191,250,233,241,70,68,68,64,71,86,82,85,9,14,0,70,45,109,111,120,153,419,377,485,504,525,414,403,345,341,301,304,315,281,277,454,459,449,460,492,491,453,454,446,363,645,640,1143,1121,848,458,449,276,456,453,569,530,696,638,773,729,992,942,1915,1695,3210,2951,29985,29983,12843,12842,3094,1531,29993,29992]} 1. e4 d6 2. d4 g6 3. Nc3 Bg7 4. Be3 e6 5. Qd2 a6 6. h4 {B06: Modern Defence} h6 7. f4 Nf6 $146 ({Predecessor:} 7... h5 8. O-O-O Nh6 9. Be2 Nd7 10. f5 exf5 11. Re1 Nf6 {1-0 (49) Harutyunyan,R (2351)-Shirazi,K (2342) Sautron 2018}) 8. e5 {White is slightly better.} Ng4 9. Be2 Nxe3 10. Qxe3 h5 11. O-O-O $36 {[%mdl 2048] Black is under pressure.} d5 12. Nf3 Nc6 13. Ng5 Bd7 14. g4 Ne7 {[#]} (14... hxg4 $16 15. Bxg4 Qe7) 15. gxh5 $1 $18 gxh5 (15... Nf5 $142 16. Qg1 Qe7) 16. Bd3 c5 (16... Bh6 {was worth a try.} 17. Kb1 c5) 17. dxc5 Qa5 18. f5 $2 (18. Kb1 $18) 18... Bh6 $14 19. fxe6 Bxe6 20. a3 O-O-O {Strongly threatening ...d4.} 21. Qf2 Nc6 22. Rde1 ({White should try} 22. Kb1 $16) 22... Kb8 $11 23. Kb1 Bxg5 (23... Bf8 $11) 24. hxg5 $14 Rdg8 (24... d4 $14 25. Ne4 Nxe5) 25. Qf6 $16 Nd8 26. c6 bxc6 $2 {[#]} (26... Nxc6 $16 27. g6 Rh6) 27. Rh4 $1 $18 Bg4 28. Reh1 d4 29. Na2 {[%cal Bc3a2,Ba2b4,Bb4a6,Ba6c5][%mdl 32]} Qd5 30. Nb4 Qe6 31. Nxa6+ Ka7 32. Qf4 Qd7 33. Nc5 Qd5 $2 (33... Ne6 {was called for.}) 34. Ne4 Be6 {intending ...Qa2+.} 35. b3 Qa5 36. Nf6 {[%mdl 64] Double Attack} c5 37. Nxg8 Rxg8 38. Rxh5 Nc6 $2 (38... Qxa3 39. Rh6 Kb6) 39. Rh6 {aiming for Rxe6!} Rb8 {[#]} 40. Rxe6 $1 fxe6 41. Rh7+ Kb6 42. a4 c4 $2 (42... Qe1+ 43. Qc1 Qxc1+ 44. Kxc1 Rg8) 43. Bxc4 Qe1+ 44. Qc1 Qxe5 45. Rh6 Nd8 46. Qa3 Kc6 47. Bb5+ Kd5 48. Qb4 Qf4 49. Rh7 {White threatens Rd7+ and mate.} Rxb5 50. Qxb5+ Ke4 51. Rh1 {Re1+ would kill now.} Qg3 {[#]} 52. Qd3+ $1 Kd5 (52... Qxd3 53. cxd3+) 53. Qxg3 {Accuracy: White = 61%, Black = 32%.} 1-0

[Event "IV Zagreb Open 2019"]
[Site "Zagreb"]
[Date "2019.12.07"]
[Round "1.6"]
[White "Alfirevic, Duje"]
[Black "Cvitan, Ognjen"]
[Result "1/2-1/2"]
[WhiteElo "1990"]
[BlackElo "2488"]
[Annotator "TA"]
[PlyCount "109"]
[EventDate "2019.12.07"]
[EventType "swiss"]
[EventCountry "CRO"]
[SourceTitle "playchess.com"]
[Source "ChessBase"]
[SourceQuality "1"]

{[%evp 19,109,2,14,-4,0,-29,-20,-19,-20,-24,-14,-23,-12,-8,27,-6,-4,-7,-2,-4,-4,-27,-28,-22,-21,-17,-17,-18,-17,-17,-17,-17,-17,-17,-6,-8,-6,-17,-17,-17,-16,-41,-41,-41,-41,-41,-41,-41,-32,-69,-69,-69,-69,-81,-66,-82,-82,-82,-81,-95,-95,-95,-95,-95,-95,-95,-95,-95,-95,-95,-95,-95,-95,-95,-95,-95,-95,-95,-95,-95,-95,-95,-95,-95,-95,-95,-95,-95,-95,-95,0,-95]} 1. e4 c5 2. Nf3 ({Predecessor:} 2. Ne2 g6 3. d4 Bg7 4. Nbc3 cxd4 5. Nxd4 Nc6 6. Be3 d6 7. Qd2 Nf6 {½-½ (48) Pieroni,G (2207)-Garrido,D (2325) France 2008}) 2... d6 3. d4 cxd4 4. Nxd4 Nf6 5. Nc3 g6 6. Be3 Bg7 7. f3 Nc6 8. Qd2 O-O 9. O-O-O d5 10. Kb1 Nxd4 11. Bxd4 $146 {B76: Sicilian Dragon: Yugoslav Attack, 9 g4 and 9 0-0-0} (11. e5 Nf5 12. exf6 exf6 13. Nxd5 Nxe3 14. Qxe3 Be6 15. Bc4 f5 16. Nc3 Qe7 17. Bxe6 fxe6 18. Rhe1 Rfe8 19. Nb5 Qb4 20. Qb3 Qxb3 21. axb3 {½-½ (48) Andreikin,D (2713)-Morozevich,A (2760) Moscow 2013}) 11... dxe4 12. Bxf6 (12. Qe3 {keeps more tension.} Qc7 13. fxe4 b6 14. Be2 Bb7 15. Nb5) 12... Qxd2 13. Rxd2 Bxf6 14. Nxe4 Be5 15. Bc4 Bf5 16. Ng3 Rad8 17. Rxd8 (17. Re2 {is more complex.} Bxg3 18. hxg3 h5 19. Rxe7 Rd2 20. g4) 17... Rxd8 18. Nxf5 gxf5 $11 {[%mdl 4096] Endgame KRB-KRB} 19. Bd3 e6 20. h3 Bg3 21. Rd1 Kg7 22. c3 Kf6 23. Kc2 h5 24. Be2 Rxd1 25. Bxd1 {KB-KB} Kg5 26. Kd3 Kf4 27. Ba4 h4 28. Bd7 e5 29. Bc8 e4+ 30. fxe4 fxe4+ 31. Ke2 b6 32. Bb7 Ke5 33. Bc6 f5 34. Ke3 Bf4+ 35. Ke2 Bc1 36. b3 Ba3 37. Bb7 a5 38. Bc8 Bb2 39. c4 Ba3 40. Bd7 f4 41. Bc6 Kd4 42. Bb7 e3 43. Bf3 Kc3 44. Kd1 Kb2 45. Bg4 Kxa2 46. Kc2 Bb4 47. Bf3 Ka3 48. Bg4 Be1 49. Bh5 Kb4 50. Be2 Bc3 51. Bf1 Bg7 52. Be2 Bf6 53. Bf1 Kc5 54. Kd3 Kb4 55. Kc2 $1 {Accuracy: White = 66%, Black = 79%.} 1/2-1/2

[Event "IV Zagreb Open 2019"]
[Site "Zagreb"]
[Date "2019.12.07"]
[Round "1.7"]
[White "Enchev, Ivajlo"]
[Black "Cigrovski, Jakov"]
[Result "1-0"]
[WhiteElo "2482"]
[BlackElo "1982"]
[Annotator "TA"]
[PlyCount "73"]
[EventDate "2019.12.07"]
[EventType "swiss"]
[EventCountry "CRO"]
[SourceTitle "playchess.com"]
[Source "ChessBase"]
[SourceQuality "1"]

{[%evp 13,73,56,106,49,49,52,52,52,52,24,46,45,66,73,99,56,50,22,44,26,66,51,75,47,47,38,36,33,49,31,16,8,18,19,38,32,48,41,16,29,87,87,103,97,105,97,304,310,377,374,375,324,418,405,400,394,481,479,469,456,801,411]} 1. d4 Nf6 2. c4 g6 3. Nc3 Bg7 4. e4 d6 5. f3 O-O 6. Nge2 e5 7. Be3 Nh5 8. dxe5 $146 {E85: King's Indian: Sämisch: 6...e5} ({White should try} 8. g4 $16) ({Predecessor:} 8. g4 Nf4 9. Nxf4 exf4 10. Bxf4 f5 11. gxf5 gxf5 12. Qd2 Qh4+ 13. Bg3 Qh5 14. Be2 fxe4 15. fxe4 Bg4 {1-0 (32) Dev,S (2159)-Munoz Suarez,L (1937) Sitges 2018}) 8... dxe5 $14 9. Qxd8 Rxd8 10. Nd5 {White is slightly better.} Na6 11. O-O-O {[#] g4 is the strong threat.} Be6 12. g4 Nf6 13. Bg5 Nxd5 14. exd5 (14. cxd5 {seems wilder.} f6 15. Be3 Bd7 16. Kb1 Bf8 17. Rc1) 14... f6 15. Bh4 (15. Be3 $5 {[%cal Rd5e6]} Bd7 16. Nc3 $14) 15... Bf7 16. Nc3 Nc5 17. Be2 a5 18. Rhf1 Bh6+ 19. Kc2 g5 20. Bf2 Bg6+ 21. Kc1 (21. Kd2 $5 {[%cal Rf2c5]} Bf8 22. h4 $11) 21... Bf8 22. Be3 Kg7 23. h4 $36 {[%mdl 2048] Black is under pressure.} h6 24. h5 Bh7 25. Bxc5 Bxc5 26. Bd3 Bxd3 (26... f5 $11 {keeps the balance.}) 27. Rxd3 $16 c6 28. Rfd1 Bd4 29. Ne2 c5 $2 {[#]} (29... cxd5 $16 30. Nxd4 exd4) 30. Rb3 $18 Rd7 31. Ng3 a4 32. Rb5 Kh7 33. Nf5 Ra6 34. Kc2 b6 35. Kd3 {White is clearly winning.} Rb7 36. Ke4 Ra5 (36... Ra8 $142 37. d6 Rd8) 37. d6 {Accuracy: White = 60%, Black = 31%.} 1-0

[Event "IV Zagreb Open 2019"]
[Site "Zagreb"]
[Date "2019.12.07"]
[Round "1.8"]
[White "Hecimovic, Ivan"]
[Black "Strikovic, Aleksa"]
[Result "0-1"]
[WhiteElo "1979"]
[BlackElo "2468"]
[Annotator "TA"]
[PlyCount "30"]
[EventDate "2019.12.07"]
[EventType "swiss"]
[EventCountry "CRO"]
[SourceTitle "playchess.com"]
[Source "ChessBase"]
[SourceQuality "1"]

{[%evp 9,30,0,-2,-1,-4,-139,-130,-137,-134,-150,-161,-147,-168,-412,-330,-333,-323,-323,-325,-675,-660,-662,-649]} 1. b4 c5 2. bxc5 e5 3. Bb2 (3. e3 Bxc5 4. d4 exd4 5. exd4 Be7 6. g3 Nf6 7. Bg2 d5 8. Ne2 Nc6 9. O-O O-O {0-1 (42) Bach,M (2308)-Fries Nielsen,J (2356) Hamburg 2016}) 3... Nc6 4. e3 Bxc5 5. c4 Nf6 6. Nc3 {A00: Irregular Openings} O-O 7. d3 $146 (7. Nf3 $11) ({Predecessor:} 7. Nf3 d6 8. h3 Qe7 9. Be2 e4 {0-1 (48) Blumenberg,W (1922)-Raddatz,M (1991) Hamburg 2010}) 7... d5 8. cxd5 {Black is better.} Nxd5 9. Nf3 Bb4 10. Rc1 Qa5 $36 {[%cal Rd5c3][%mdl 2048] Black is on the roll.} 11. Qb3 $2 (11. Qd2 {keeps fighting.}) 11... Nxc3 12. Bxc3 {[#]} Be6 $1 {[%cal Re6b3]} 13. Qb2 Rac8 {Threatens to win with ...Bxc3+.} ({Not} 13... Qxa2 14. Qxa2 Bxc3+ 15. Rxc3 $17) (13... Bxa2 14. Be2 $17) 14. Be2 $2 (14. Nd2 Qxa2 15. Qxa2 Bxa2 16. Kd1) 14... Bxc3+ $19 15. Rxc3 Ne7 0-1